00676nam a2200241 a 4500001001300000003000900013005001700022008004100039020001000080082001300090100002900103245004900132260003400181300000800215500003500223505001000258650001300268700002900281902000800310942000700318952009400325999001500419nice12345678IN_TiNIC20260116012914.0050524s1886 lona grp 000 0 eng  ac10000a230bNEW aNewman, J Henry Cardinal aDiscourses, Addressed to Mixed Congregation. aLondonbBurns and Oatesc1886 a376 aincludes index and biblioraphy2 aIndex aTheology1 aNewman, J Henry Cardinal bSRS cBK 00104070aHMIbHMId2007-06-25g100.00l0o230 NEWp12309r2007-06-25w2026-01-16yARB c8832d8832